LIBRARY & INFORMATION CENTRE, KCAET, TAVANUR

ONLINE PUBLIC ACCESS CATALOGUE (OPAC)

Challenges and strategies for dryland agriculture (Record no. 15308)

MARC details
000 -LEADER
fixed length control field 00332nam a22001217a 4500
020 ## - INTERNATIONAL STANDARD BOOK NUMBER
ISBN 8172334559
082 ## - DEWEY DECIMAL CLASSIFICATION NUMBER
Classification number 631.5861
Item number RAO/CH
100 ## - MAIN ENTRY--AUTHOR NAME
Personal name RAO, SRINIVAS C.
245 ## - TITLE STATEMENT
Title Challenges and strategies for dryland agriculture
260 ## - PUBLICATION, DISTRIBUTION, ETC. (IMPRINT)
Place of publication Jodhpur, India
Name of publisher Scientific Publishers
Year of publication 2007
700 ## - ADDED ENTRY--PERSONAL NAME
Personal name Ryan, John
942 ## - ADDED ENTRY ELEMENTS (KOHA)
Koha item type Books
Holdings
Withdrawn status Lost status Damaged status Home library Current library Date acquired Cost, normal purchase price Full call number Accession Number Koha item type
      KAUAET KAUAET 02/03/2018 1950.00 631.5861 RAO/CH 21535 Books
free website counter